Statistiques concernant Culture Générale - Série 1504

Cliquez ici pour prendre le quiz!

Statistiques générales

  • Ce quiz a été pris 109 fois
  • Le résultat moyen est 5 sur 10

Statistiques - réponses

QuestionRéponse% Correct
En Histoire, dans l'Europe des XVe et XVIe siècles, quelle grande période de rénovation culturelle, née en Italie, suit directement le Moyen Age ?Renaissance
85%
Comment dit-on "un flic" en verlan ?keuf
78%
Quelle espèce de serpent peut être "du Gabon", "péliade" ou "aspic" ?vipère
77%
Dans quel pays d'Amérique du Sud paye-t-on ses achats en bolívars ?Venezuela
63%
Quel acronyme désigne les îles caribéennes d'Aruba, Bonaire et Curaçao ?îles ABC
53%
Quel acteur, consacré par "Tchao Pantin" en 1983, incarne le rôle de Jean-Pierre Savelli dans "Camping 2" ?Richard Anconina
43%
En 1967, quel célèbre humoriste interprétait un candidat mal embouché, dans le sketch du permis de conduire ?Jean Yanne
35%
Une courte veste qui s'arrête au bas des reins est appelée familièrement un "pet-en...l'air
25%
Quelle était la couleur de la "terre" de Francis Huster et Cristiana Reali, d'après le titre d'un feuilleton estival diffusé en 1996 ?Indigo
18%
Qui a peint le tableau intitulé "Les trois Grâces" ?Raphael
10%

Distribution des résultats

Percentile par nombre de réponses

% des personnes avec chaque résultat

Votre développement - résultats

Vous n’avez pas pris ce quiz